[Event "SN-2014-0-00634"]
[Site "LSS email"]
[Date "2014.10.18"]
[Round "?"]
[White "Kozarik, Vladimir"]
[Black "Guaimare Rodriguez, Carlos Luis"]
[Result "0-1"]
[WhiteElo "784"]
[BlackElo "870"]
[PlyCount "114"]
[EventDate "2014.10.02"]
[EventType "tourn (corr)"]
[EventRounds "6"]
[EventCountry "GER"]
[SourceTitle "Corr 2015"]
[Source "ChessBase"]
[SourceDate "2015.07.17"]
[SourceVersion "1"]
[SourceVersionDate "2015.07.17"]
[SourceQuality "1"]

1. d4 d5 2. Bf4 Nc6 3. e3 Bf5 4. Nf3 e6 5. h3 Nf6 6. Bd3 Bd6 7. Bxf5 exf5 8. Bxd6 Qxd6 9. c3 0-0 10. 0-0 Rfe8 11. Nbd2 Ne4 12. Nxe4 fxe4 13. Nh2 f5 14. f4 Re6 15. Rf2 Rg6 16. Qe2 a6 17. Qh5 Qf6 18. Qe2 Rg3 19. Kf1 Qg6 20. Ke1 Na5 21. b3 Rc8 22. Nf1 c5 23. Nxg3 Qxg3 24. Rd1 cxd4 25. cxd4 Rc3 26. Kd2 Rd3+ 27. Kc2 Rxe3 28. Qf1 Nc6 29. Rdd2 Nb4+ 30. Kb1 Nd3 31. Rfe2 Nxf4 32. Rxe3 Qxe3 33. Kc2 g6 34. Qf2 Qxf2 35. Rxf2 Ne6 36. Kc3 f4 37. b4 b5 38. h4 Kg7 39. Rf1 h6 40. a3 g5 41. hxg5 hxg5 42. Rf2 Kf6 43. Rf1 Kf5 44. g3 e3 45. Kd3 Ng7 46. gxf4 gxf4 47. Rg1 Nh5 48. Rg8 Ng3 49. Rf8+ Kg4 50. Rg8+ Kf3 51. Rf8 e2 52. Kd2 Ke4 53. Re8+ Kxd4 54. Re6 f3 55. Ke1 Ne4 56. Rxe4+ Kxe4 57. Kf2 Kd3 0-1